[Event "Rated Blitz game"]
[Site "?"]
[Date "2021.10.04"]
[Round "?"]
[White "LabutinAa"]
[Black "KinzyabulatovRenat"]
[Result "1-0"]
[WhiteElo "2521"]
[BlackElo "2455"]
[PlyCount "79"]
[EventDate "2021.??.??"]
[EventType "blitz"]

1. e4 e5 2. Nf3 d5 3. Qe2 Nf6 4. Nxe5 dxe4 5. d3 Bd6 6. Nc4 O-O 7. Nxd6 cxd6 8.
d4 d5 9. h3 Nc6 10. c3 Re8 11. Be3 Qb6 12. g3 a5 13. Bg2 Qa7 14. O-O b5 15.
Qxb5 Qd7 16. Qa4 Ba6 17. Re1 Reb8 18. Qc2 Bd3 19. Qc1 a4 20. Nd2 Qb7 21. b3 Qb6
22. Bf1 Bxf1 23. Rxf1 Qa6 24. c4 Nb4 25. cxd5 Nd3 26. Qa3 Qb5 27. bxa4 Rxa4 28.
Qd6 Ra6 29. Qc7 Nxd5 30. Qc4 Qxc4 31. Nxc4 Rba8 32. a3 Ra4 33. Nd2 f5 34. g4 g6
35. Nb1 Kf7 36. Ra2 f4 37. Bd2 Rxd4 38. Rc2 Ke6 39. Nc3 Nxc3 40. Bxc3 {Time
forfeit} 1-0

[Event "Rated Blitz game"]
[Site "?"]
[Date "2021.10.03"]
[Round "?"]
[White "PimponNicois"]
[Black "KinzyabulatovRenat"]
[Result "1-0"]
[WhiteElo "2473"]
[BlackElo "2403"]
[PlyCount "87"]
[EventDate "2021.??.??"]
[EventType "blitz"]

1. e4 e5 2. Nf3 d5 3. exd5 e4 4. Qe2 Nf6 5. d3 Qxd5 6. Nbd2 Nc6 7. dxe4 Qh5 8.
Qb5 Bc5 9. Nb3 Nxe4 10. Qc4 Bb4+ 11. c3 Nd6 12. Qe2+ Be6 13. cxb4 O-O-O 14.
Nfd4 Rhe8 15. Qxh5 Bg4+ 16. Be3 Bxh5 17. Nxc6 bxc6 18. Be2 Bxe2 19. Kxe2 f5 20.
Kf3 Ne4 21. Rhd1 g5 22. g3 h6 23. Nc5 Nf6 24. Rxd8+ Rxd8 25. Ke2 Nd5 26. a3 Re8
27. Kf3 g4+ 28. Ke2 h5 29. Kd2 Nf6 30. Re1 Rd8+ 31. Kc2 Nd5 32. Bg5 Rg8 33. Bh4
f4 34. Re5 fxg3 35. hxg3 Rf8 36. Nd3 Rh8 37. Nf4 Nb6 38. Rxh5 Re8 39. Nd3 Re2+
40. Kc3 Nd5+ 41. Kd4 Kb7 42. Nc5+ Kb6 43. Na4+ Kb5 44. Nc3+ {Normal} 1-0

[Event "Rated Blitz game"]
[Site "?"]
[Date "2021.10.03"]
[Round "?"]
[White "ArieWerksma"]
[Black "KinzyabulatovRenat"]
[Result "0-1"]
[WhiteElo "2469"]
[BlackElo "2426"]
[PlyCount "54"]
[EventDate "2021.??.??"]
[EventType "blitz"]

1. e4 e5 2. Nf3 d5 3. exd5 e4 4. Ne5 Qxd5 5. d4 exd3 6. Nxd3 Nc6 7. Nc3 Qa5 8.
Be2 Bf5 9. O-O O-O-O 10. a3 Nf6 11. Bd2 Nd4 12. Bf3 Nxc2 13. Qxc2 Bxd3 14. Qb3
c6 15. Rfd1 Bc5 16. Ne4 Qb6 17. Nxc5 Qxc5 18. Rac1 Qb6 19. Qxf7 Rd7 20. Qe6 Re8
21. Qh3 Qxb2 22. Bg5 Red8 23. Bxf6 gxf6 24. Bg4 f5 25. Bxf5 Bxf5 26. Qxf5 Kb8
27. Rf1 Qxc1 {Normal} 0-1

[Event "Rated Blitz game"]
[Site "?"]
[Date "2021.10.03"]
[Round "?"]
[White "Buchchess"]
[Black "Kiridima123"]
[Result "0-1"]
[WhiteElo "2396"]
[BlackElo "2420"]
[PlyCount "20"]
[EventDate "2021.??.??"]
[EventType "blitz"]

1. e4 e5 2. Nf3 d5 3. exd5 e4 4. Qe2 Nf6 5. d3 Bf5 6. Nc3 Bb4 7. Bg5 O-O 8.
dxe4 Bxc3+ 9. bxc3 Bxe4 10. Bxf6 Qxf6 {Normal} 0-1

[Event "Rated Blitz tournament fLazRh5v"]
[Site "?"]
[Date "2021.10.03"]
[Round "?"]
[White "ania_starovoitova"]
[Black "geptil"]
[Result "0-1"]
[WhiteElo "2409"]
[BlackElo "2477"]
[PlyCount "36"]
[EventDate "2021.??.??"]
[EventType "blitz"]

1. e4 e5 2. Nf3 d5 3. d4 dxe4 4. Nxe5 Bd6 5. Nc3 Nf6 6. Bg5 O-O 7. Qd2 Nc6 8.
Nxc6 bxc6 9. O-O-O Bf5 10. h3 h6 11. Be3 Nd5 12. g4 Bh7 13. Bg2 Qe7 14. Nxd5
cxd5 15. h4 Rab8 16. g5 h5 17. Bh3 Ba3 18. Qa5 Rxb2 {Normal} 0-1

[Event "Rated Blitz game"]
[Site "?"]
[Date "2021.10.03"]
[Round "?"]
[White "SwissJapaneseBoy"]
[Black "anjaya01"]
[Result "1-0"]
[WhiteElo "2547"]
[BlackElo "2417"]
[PlyCount "61"]
[EventDate "2021.??.??"]
[EventType "blitz"]

1. e4 e5 2. Nf3 d5 3. Nc3 Bd6 4. Nxd5 Ne7 5. Nxe7 Qxe7 6. Bc4 c5 7. O-O Nc6 8.
c3 Bg4 9. h3 Bh5 10. d3 O-O-O 11. Bd5 Qc7 12. g4 Bg6 13. Kg2 h5 14. Kg3 hxg4
15. hxg4 f5 16. gxf5 Bxf5 17. Rh1 g5 18. Be3 g4 19. Ng5 Bd7 20. Qd2 Kb8 21. Nf7
Rxh1 22. Rxh1 Rf8 23. Bh6 Rg8 24. Nxd6 Qxd6 25. Bxg8 Qf6 26. Qe3 Nd4 27. cxd4
cxd4 28. Qe2 Kc7 29. Bd5 a5 30. Bd2 Kb6 31. Rh6 {Normal} 1-0

[Event "Rated Blitz game"]
[Site "?"]
[Date "2021.10.03"]
[Round "?"]
[White "Buzilo"]
[Black "KinzyabulatovRenat"]
[Result "1/2-1/2"]
[WhiteElo "2437"]
[BlackElo "2421"]
[PlyCount "92"]
[EventDate "2021.??.??"]
[EventType "blitz"]

1. e4 e5 2. Nf3 d5 3. exd5 e4 4. Qe2 Nf6 5. d3 Qxd5 6. Nbd2 Nc6 7. dxe4 Qh5 8.
Qb5 Bc5 9. Nb3 Nxe4 10. Nxc5 Qxc5 11. Qxc5 Nxc5 12. Be3 Ne4 13. Bb5 Bd7 14.
O-O-O O-O-O 15. Bxc6 Bxc6 16. Ne5 Be8 17. Rxd8+ Kxd8 18. Bxa7 f6 19. Nd3 b6 20.
c4 Kc8 21. c5 Kb7 22. cxb6 cxb6 23. Re1 Bg6 24. f3 Rc8+ 25. Kd1 Rd8 26. Ke2 Nd6
27. Bxb6 Kxb6 28. Nf4 Bf7 29. b3 Nf5 30. g4 Nd4+ 31. Kf2 g5 32. Re7 Bxb3 33.
axb3 gxf4 34. Rxh7 Re8 35. Rf7 Re2+ 36. Kf1 Re6 37. Kf2 Kc5 38. h4 Kd5 39. h5
Ke5 40. h6 Re8 41. h7 Rh8 42. b4 Ne6 43. Re7 Kd6 44. Rf7 Ke5 45. Re7 Kd5 46.
Rf7 Ke5 {Normal} 1/2-1/2

[Event "Rated Blitz game"]
[Site "?"]
[Date "2021.10.03"]
[Round "?"]
[White "ElhachaGM"]
[Black "torynash"]
[Result "0-1"]
[WhiteElo "2682"]
[BlackElo "2602"]
[PlyCount "66"]
[EventDate "2021.??.??"]
[EventType "blitz"]

1. e4 e5 2. Nf3 d5 3. exd5 e4 4. Qe2 Nf6 5. Nc3 Be7 6. Nxe4 Nxd5 7. d4 O-O 8.
c3 Re8 9. Be3 f5 10. Neg5 f4 11. h4 fxe3 12. Qc2 g6 13. Bd3 exf2+ 14. Kxf2 Bxg5
15. hxg5 Ne3 16. Qb3+ Be6 17. c4 Nd7 18. Kg1 Bf7 19. Rh4 b5 20. Qxb5 Rb8 21.
Qa5 Rxb2 22. Qc3 Rxg2+ 23. Kh1 Rxg5 24. Nxg5 Qxg5 25. Rh2 Nf6 26. Re1 Nfg4 27.
Rb2 Qh4+ 28. Kg1 Qg3+ 29. Kh1 Nf2+ 30. Rxf2 Qxf2 31. Rg1 Qf3+ 32. Kh2 Ng4+ 33.
Rxg4 Qxg4 {Normal} 0-1

[Event "Rated Blitz game"]
[Site "?"]
[Date "2021.10.03"]
[Round "?"]
[White "boblibob"]
[Black "Lorian2514"]
[Result "0-1"]
[WhiteElo "2421"]
[BlackElo "2543"]
[PlyCount "48"]
[EventDate "2021.??.??"]
[EventType "blitz"]

1. e4 e5 2. Nf3 d5 3. exd5 e4 4. Qe2 Qe7 5. Nd4 Qe5 6. Nb3 Nd7 7. Nc3 Ngf6 8.
d4 exd3 9. Qxe5+ Nxe5 10. Bxd3 Nxd3+ 11. cxd3 Bf5 12. Bf4 Bb4 13. O-O-O Bxc3
14. bxc3 Nxd5 15. Rhe1+ Kd7 16. Be5 f6 17. Bd4 b6 18. Kd2 c5 19. Be3 Rad8 20.
d4 Kc6 21. Rc1 a5 22. Ke2 Rhe8 23. Nd2 Nf4+ 24. Kf1 Nd3 {Time forfeit} 0-1

[Event "Rated Blitz game"]
[Site "?"]
[Date "2021.10.03"]
[Round "?"]
[White "janqis"]
[Black "ALJHuNTANGz"]
[Result "0-1"]
[WhiteElo "2354"]
[BlackElo "2402"]
[PlyCount "102"]
[EventDate "2021.??.??"]
[EventType "blitz"]

1. e4 e5 2. Nf3 d5 3. Nxe5 dxe4 4. Bc4 Qg5 5. Nxf7 Qxg2 6. d4 Qxh1+ 7. Kd2
Qxd1+ 8. Kxd1 Bg4+ 9. Ke1 Nc6 10. Nxh8 Nxd4 11. Na3 Bxa3 12. bxa3 Nxc2+ 13. Kd2
Nxa1 14. Bb2 O-O-O+ 15. Ke3 Nc2+ 16. Kf4 Nf6 17. Nf7 Rd4 18. Bxd4 Nxd4 19. Ng5
h6 20. Nxe4 Nxe4 21. Kxe4 Nc6 22. Kf4 Bd7 23. h4 Kd8 24. a4 Ke7 25. Ke4 Nb4 26.
a5 Be6 27. a3 Bxc4 28. axb4 Kd6 29. f4 b6 30. Kd4 Bf7 31. axb6 axb6 32. Ke4 c5
33. bxc5+ bxc5 34. Kd3 c4+ 35. Kd4 Ke6 36. Ke4 Kf6 37. f5 c3 38. Kd3 Kxf5 39.
Kxc3 Kg4 40. h5 Kh4 41. Kd2 Kxh5 42. Ke1 g5 43. Kf2 Kh4 44. Kg1 g4 45. Kh2 g3+
46. Kg2 Bd5+ 47. Kg1 Kh3 48. Kf1 Kh2 49. Ke2 g2 50. Ke3 g1=Q+ 51. Kf4 Qg5# {
Normal} 0-1

[Event "Rated Blitz game"]
[Site "?"]
[Date "2021.10.03"]
[Round "?"]
[White "jotjesus"]
[Black "elwaffi"]
[Result "1-0"]
[WhiteElo "2409"]
[BlackElo "2380"]
[PlyCount "40"]
[EventDate "2021.??.??"]
[EventType "blitz"]

1. e4 e5 2. Nf3 d5 3. d4 dxe4 4. Nxe5 Nd7 5. f4 exf3 6. Nxf3 Ngf6 7. Bc4 Bd6 8.
O-O O-O 9. Bg5 c6 10. Nc3 Qc7 11. a4 h6 12. Bh4 Re8 13. a5 g5 14. Bxg5 hxg5 15.
Nxg5 Bxh2+ 16. Kh1 Kg7 17. Nxf7 Qg3 18. Rf3 Re1+ 19. Qxe1 Qxe1+ 20. Rxe1 Bc7 {
Normal} 1-0

[Event "Rated Blitz game"]
[Site "?"]
[Date "2021.10.03"]
[Round "?"]
[White "jonathandelacruz"]
[Black "KinzyabulatovRenat"]
[Result "0-1"]
[WhiteElo "2438"]
[BlackElo "2421"]
[PlyCount "60"]
[EventDate "2021.??.??"]
[EventType "blitz"]

1. e4 e5 2. Nf3 d5 3. Nxe5 Bd6 4. d4 dxe4 5. Nc4 Be7 6. Nc3 Nf6 7. Bg5 O-O 8.
Be2 Nc6 9. Be3 Nb4 10. O-O c6 11. a3 Nbd5 12. Nxd5 Nxd5 13. Bc1 b5 14. Ne5 Bb7
15. a4 a6 16. Re1 f6 17. Ng4 Bd6 18. Bf1 Qc7 19. g3 Rae8 20. Ne3 f5 21. axb5
cxb5 22. Nxd5 Bxd5 23. Rxa6 f4 24. Qh5 Bb7 25. Ra7 e3 26. Rxb7 exf2+ 27. Kxf2
fxg3+ 28. Kg2 Qxb7+ 29. Kh3 Rxe1 30. Bd3 Qd7+ {Normal} 0-1

[Event "Rated Blitz game"]
[Site "?"]
[Date "2021.10.03"]
[Round "?"]
[White "flo50"]
[Black "KinzyabulatovRenat"]
[Result "1-0"]
[WhiteElo "2557"]
[BlackElo "2432"]
[PlyCount "51"]
[EventDate "2021.??.??"]
[EventType "blitz"]

1. e4 e5 2. Nf3 d5 3. exd5 e4 4. Qe2 Nf6 5. Nc3 Be7 6. Nxe4 Nxd5 7. d4 O-O 8.
Be3 Re8 9. c4 Bb4+ 10. Ned2 Nf4 11. Bxf4 Rxe2+ 12. Bxe2 Nc6 13. Be3 Bxd2+ 14.
Kxd2 Bg4 15. d5 Ne7 16. h3 Bf5 17. Nd4 c6 18. Bf3 cxd5 19. cxd5 Nxd5 20. Nxf5
Nf4+ 21. Nd4 Qa5+ 22. Kd1 Rd8 23. Kc2 Rc8+ 24. Kb1 Nd3 25. Rd1 Qb5 26. Nxb5 {
Normal} 1-0

[Event "Rated Blitz tournament VpUd48NZ"]
[Site "?"]
[Date "2021.10.03"]
[Round "?"]
[White "xadrezdapraia"]
[Black "Lur15"]
[Result "0-1"]
[WhiteElo "2416"]
[BlackElo "2402"]
[PlyCount "21"]
[EventDate "2021.??.??"]
[EventType "blitz"]

1. e4 e5 2. Nf3 d5 3. exd5 e4 4. Qe2 Nf6 5. Nc3 Be7 6. Nxe4 O-O 7. d3 Nxd5 8.
Bd2 Re8 9. O-O-O f5 10. Neg5 Bf6 11. Qxe8+ {Normal} 0-1

[Event "Rated Blitz game"]
[Site "?"]
[Date "2021.10.03"]
[Round "?"]
[White "Alya_BudiCM"]
[Black "sillierchess"]
[Result "0-1"]
[WhiteElo "2409"]
[BlackElo "2362"]
[PlyCount "70"]
[EventDate "2021.??.??"]
[EventType "blitz"]

1. e4 e5 2. Nf3 d5 3. Nxe5 Bd6 4. d4 dxe4 5. Be2 Nf6 6. O-O h6 7. Nc4 Nc6 8.
Nxd6+ Qxd6 9. c3 O-O 10. Na3 Nd5 11. Nc4 Qg6 12. Bh5 Qe6 13. Ne3 f5 14. Nxd5
Qxd5 15. Bf4 Be6 16. Be2 g5 17. Bxc7 Rac8 18. Be5 Nxe5 19. dxe5 Qxe5 20. Qa4 f4
21. f3 Qc5+ 22. Kh1 e3 23. Rfd1 Rfd8 24. Qe4 Bf7 25. Bd3 Rc6 26. Qh7+ Kf8 27.
Be4 Rcd6 28. Rxd6 Rxd6 29. Qh8+ Ke7 30. Qb8 Rd7 31. h4 e2 32. Kh2 Qf2 33. Qe5+
Be6 34. Bf5 Qxh4+ 35. Kg1 Rd1+ {Normal} 0-1

[Event "Rated Blitz game"]
[Site "?"]
[Date "2021.10.03"]
[Round "?"]
[White "supertoys"]
[Black "KinzyabulatovRenat"]
[Result "1-0"]
[WhiteElo "2445"]
[BlackElo "2427"]
[PlyCount "29"]
[EventDate "2021.??.??"]
[EventType "blitz"]

1. e4 e5 2. Nf3 d5 3. exd5 e4 4. Nd4 Qxd5 5. Nb3 Qe5 6. Be2 Bd6 7. Nc3 Nf6 8.
g3 Bh3 9. d3 exd3 10. Qxd3 O-O 11. Bf4 Qe7 12. Bxd6 cxd6 13. O-O-O d5 14. Rhe1
Bg2 15. Bf3 {Normal} 1-0

[Event "Rated Blitz game"]
[Site "?"]
[Date "2021.10.03"]
[Round "?"]
[White "Carlseng"]
[Black "ALJHuNTANGz"]
[Result "1-0"]
[WhiteElo "2488"]
[BlackElo "2478"]
[PlyCount "41"]
[EventDate "2021.??.??"]
[EventType "blitz"]

1. e4 e5 2. Nf3 d5 3. exd5 e4 4. Qe2 Nf6 5. d3 Qxd5 6. dxe4 Qxe4 7. Bg5 Qxe2+
8. Bxe2 Ne4 9. Bf4 Bc5 10. O-O Bb6 11. Bb5+ c6 12. Bd3 Nf6 13. Bd6 Be6 14. Ng5
Kd7 15. Ba3 Bd5 16. Nc3 h6 17. Nxd5 hxg5 18. Bf5+ Kd8 19. Nxf6 gxf6 20. Rad1+
Kc7 21. Bd6+ {Normal} 1-0

[Event "Rated Blitz tournament fLazRh5v"]
[Site "?"]
[Date "2021.10.03"]
[Round "?"]
[White "Winawer86"]
[Black "geptil"]
[Result "1/2-1/2"]
[WhiteElo "2332"]
[BlackElo "2465"]
[PlyCount "46"]
[EventDate "2021.??.??"]
[EventType "blitz"]

1. e4 e5 2. Nf3 d5 3. exd5 e4 4. Qe2 Nf6 5. d3 Qxd5 6. Nbd2 Nc6 7. dxe4 Qe6 8.
c3 Bc5 9. b4 Bb6 10. b5 Na5 11. Nd4 Qe5 12. Ba3 Bxd4 13. cxd4 Qxd4 14. Rd1 Be6
15. Qd3 Qa4 16. Be2 Rd8 17. Qf3 Bg4 18. Qc3 Bxe2 19. Qe5+ Kd7 20. Qf5+ Ke8 21.
Qe5+ Kd7 22. Qf5+ Ke8 23. Qe5+ Kd7 {Normal} 1/2-1/2

[Event "Rated Blitz game"]
[Site "?"]
[Date "2021.10.03"]
[Round "?"]
[White "Andrey_Smirnov"]
[Black "anjaya01"]
[Result "0-1"]
[WhiteElo "2323"]
[BlackElo "2402"]
[PlyCount "120"]
[EventDate "2021.??.??"]
[EventType "blitz"]

1. e4 e5 2. Nf3 d5 3. Nc3 d4 4. Ne2 d3 5. cxd3 c5 6. Nc3 Nc6 7. b3 Be6 8. Bb2
g5 9. h3 Bg7 10. Be2 h5 11. Nh2 Nf6 12. O-O Nd4 13. Na4 b6 14. Bxd4 Qxd4 15.
Nf3 Qd6 16. Nxg5 O-O-O 17. Nxe6 fxe6 18. Rc1 Kb7 19. a3 Rdg8 20. Kh1 Bh6 21. b4
cxb4 22. axb4 Qxb4 23. d4 Qxd4 24. Qc2 Rc8 25. Qb3 Bxd2 26. Rxc8 Rxc8 27. Qxe6
Nd7 28. Bb5 Nc5 29. Nxc5+ Rxc5 30. Qe7+ Rc7 31. Ba6+ Kxa6 32. Qxc7 Qxe4 33.
Ra1+ Ba5 34. Qc8+ Kb5 35. Qe8+ Ka6 36. Qxh5 Qd4 37. Qe2+ Kb7 38. Rd1 Qc5 39.
Qe4+ Ka6 40. Qd3+ b5 41. f3 Bb4 42. Rb1 Kb6 43. g4 a5 44. Kg2 a4 45. Qe4 a3 46.
Qa8 Qc2+ 47. Kg3 Qxb1 48. Qb8+ Kc5 49. Qc8+ Kd4 50. Qd7+ Kc3 51. Qc6+ Kb3 52.
Qd5+ Ka4 53. Qa8+ Kb3 54. Qd5+ Kb2 55. Qxe5+ Ka2 56. Qd5+ Ka1 57. Qxb5 Qg1+ 58.
Kh4 Be1+ 59. Kh5 Qd4 60. Qe5 Qxe5+ {Normal} 0-1

[Event "Rated Blitz game"]
[Site "?"]
[Date "2021.10.03"]
[Round "?"]
[White "chesspleyer20092009"]
[Black "KinzyabulatovRenat"]
[Result "1-0"]
[WhiteElo "2448"]
[BlackElo "2425"]
[PlyCount "119"]
[EventDate "2021.??.??"]
[EventType "blitz"]

1. e4 e5 2. Nf3 d5 3. d3 Nc6 4. Nc3 Nf6 5. exd5 Nxd5 6. g3 Bb4 7. Bd2 O-O 8.
Bg2 Bg4 9. O-O Nd4 10. h3 Bxf3 11. Bxf3 Nxf3+ 12. Qxf3 c6 13. Rae1 f6 14. a3
Ba5 15. b4 Bb6 16. Nxd5 cxd5 17. Be3 d4 18. Bc1 Rc8 19. Re2 Qd7 20. Kg2 a5 21.
Bd2 a4 22. b5 Rxc2 23. Bb4 Rxe2 24. Qxe2 Rc8 25. Qe4 Bc5 26. Rc1 Bxb4 27. Rxc8+
Qxc8 28. Qd5+ Kf8 29. axb4 Ke7 30. Qa2 Qa8 31. Kh2 b6 32. Qc2 Kd7 33. Qc4 Qf3
34. Qf7+ Kd6 35. Qf8+ Ke6 36. Qe8+ Kf5 37. Qd7+ Kg6 38. Qe8+ Kh6 39. Kg1 a3 40.
g4 Qxh3 41. Qe6 a2 42. g5+ Kxg5 43. Qxh3 a1=Q+ 44. Kg2 Qd1 45. Qxh7 Qg4+ 46.
Kf1 g6 47. Qc7 Qd1+ 48. Kg2 Qxd3 49. Qxb6 Kf4 50. Qxf6+ Qf5 51. Qh4+ Qg4+ 52.
Qxg4+ Kxg4 53. b6 d3 54. Kf1 Kf3 55. Ke1 e4 56. b7 d2+ 57. Kxd2 Kxf2 58. b8=Q
e3+ 59. Kd3 e2 60. Qf4+ {Normal} 1-0

[Event "Rated Blitz game"]
[Site "?"]
[Date "2021.10.03"]
[Round "?"]
[White "Dolphin_2010"]
[Black "Fantastic_power06"]
[Result "0-1"]
[WhiteElo "2673"]
[BlackElo "2780"]
[PlyCount "36"]
[EventDate "2021.??.??"]
[EventType "blitz"]

1. e4 e5 2. Nf3 d5 3. exd5 e4 4. Qe2 Nf6 5. d3 Qxd5 6. Nbd2 Nc6 7. dxe4 Qc5 8.
c3 Be6 9. Qb5 Ng4 10. Qxc5 Bxc5 11. Bc4 Nxf2 12. Rf1 Bxc4 13. Nxc4 Nxe4 14. Be3
O-O-O 15. Bxc5 Nxc5 16. Kf2 Rhe8 17. Rad1 f6 18. b4 Ne4+ {Normal} 0-1

[Event "Rated Blitz game"]
[Site "?"]
[Date "2021.10.03"]
[Round "?"]
[White "asauo"]
[Black "Mancillamenor"]
[Result "1-0"]
[WhiteElo "2407"]
[BlackElo "2354"]
[PlyCount "51"]
[EventDate "2021.??.??"]
[EventType "blitz"]

1. e4 e5 2. Nf3 d5 3. Nxe5 Bd6 4. d4 dxe4 5. Nc4 Be7 6. Be2 Nf6 7. O-O O-O 8.
c3 Bf5 9. f3 exf3 10. Bxf3 Bg6 11. Bxb7 Nbd7 12. Bxa8 Qxa8 13. Nbd2 c5 14. Nf3
cxd4 15. Nxd4 Bc5 16. b4 Be7 17. Qe2 Nd5 18. Bd2 Bf6 19. Nf5 Nxc3 20. Bxc3 Bxc3
21. Ne7+ Kh8 22. Rad1 Be4 23. Nd6 Bxb4 24. Qxe4 Qxe4 25. Nxe4 Bxe7 26. Rxd7 {
Normal} 1-0

[Event "Rated Blitz game"]
[Site "?"]
[Date "2021.10.03"]
[Round "?"]
[White "sanjeevkumar22"]
[Black "Annali-annaliew1979"]
[Result "0-1"]
[WhiteElo "2324"]
[BlackElo "2406"]
[PlyCount "78"]
[EventDate "2021.??.??"]
[EventType "blitz"]

1. e4 e5 2. Nf3 d5 3. d4 dxe4 4. Nxe5 Bd6 5. Nc4 Nf6 6. Nc3 h6 7. Be2 O-O 8.
Be3 Nc6 9. Qd2 Bf5 10. O-O-O Bb4 11. g4 Bg6 12. h4 Nd5 13. h5 Bh7 14. g5 Bxc3
15. bxc3 Nxe3 16. fxe3 Qxg5 17. Rdg1 Qb5 18. Ne5 Qa5 19. Ng4 Kh8 20. Kb1 Rad8
21. Bc4 f5 22. Nxh6 gxh6 23. Qg2 Rg8 24. Bxg8 Rxg8 25. Qh2 Qxc3 26. Rxg8+ Bxg8
27. Qxc7 Qxe3 28. d5 Bxd5 29. Rd1 Bg8 30. Qxb7 Qb6+ 31. Qxb6 axb6 32. Rd6 e3
33. Kc1 Ne5 34. Rxh6+ Kg7 35. Rxb6 f4 36. Rb4 f3 37. Rf4 f2 38. Kd1 Bc4 39. a4
e2+ {Normal} 0-1

[Event "Rated Blitz game"]
[Site "?"]
[Date "2021.10.03"]
[Round "?"]
[White "supertoys"]
[Black "KinzyabulatovRenat"]
[Result "1-0"]
[WhiteElo "2452"]
[BlackElo "2423"]
[PlyCount "121"]
[EventDate "2021.??.??"]
[EventType "blitz"]

1. e4 e5 2. Nf3 d5 3. exd5 e4 4. Nd4 Qxd5 5. Nb3 Qe5 6. Be2 Bd6 7. Nc3 Nf6 8.
g3 O-O 9. d3 exd3 10. Qxd3 Qe7 11. Bg5 Nbd7 12. O-O-O h6 13. Be3 Ne5 14. Qd2
Neg4 15. Bxg4 Bxg4 16. Rde1 Qd7 17. Bxh6 gxh6 18. Qxh6 Nh7 19. f3 Bxf3 20. Rhf1
Bc6 21. Nd4 Qg4 22. Nf5 Qg5+ 23. Qxg5+ Nxg5 24. h4 Nf3 25. Re3 Ne5 26. Ne4 Bxe4
27. Rxe4 Kh7 28. g4 Rg8 29. g5 Rae8 30. Nh6 Rgf8 31. Ng4 Nxg4 32. Rxg4 Kg7 33.
h5 Re2 34. a3 Rh2 35. h6+ Kg6 36. b4 f5 37. gxf6+ Kxh6 38. Re4 Rh5 39. c4 b6
40. Kc2 Kg6 41. Rg4+ Rg5 42. Re4 Rxf6 43. Rxf6+ Kxf6 44. Kb3 Rg3+ 45. Ka4 a6
46. Rh4 a5 47. Rh6+ Kg7 48. Rh5 axb4 49. axb4 Rg4 50. Kb5 Kg6 51. Rh8 Rg5+ 52.
Ka4 Rf5 53. Rg8+ Kf7 54. Rh8 Rf1 55. Kb5 Rb1 56. c5 Kg6 57. cxd6 cxd6 58. Rd8
Rd1 59. Kxb6 Kf5 60. b5 Ke5 61. Re8+ {Time forfeit} 1-0

[Event "Rated Blitz game"]
[Site "?"]
[Date "2021.10.03"]
[Round "?"]
[White "AlphaRodionCentauri"]
[Black "Lorian2514"]
[Result "0-1"]
[WhiteElo "2380"]
[BlackElo "2536"]
[PlyCount "46"]
[EventDate "2021.??.??"]
[EventType "blitz"]

1. e4 e5 2. Nf3 d5 3. exd5 e4 4. Ne5 Qxd5 5. d4 exd3 6. Nxd3 Bd6 7. Nc3 Qf5 8.
Be3 Nc6 9. Be2 Nf6 10. h3 Be6 11. g4 Qa5 12. Qd2 O-O-O 13. g5 Nd5 14. Ne4 Nxe3
15. Nxd6+ Rxd6 16. fxe3 Qxg5 17. O-O-O Ne5 18. Rdg1 Qh6 19. Qa5 Qxe3+ 20. Kb1
Nc4 21. Qe1 Nd2+ 22. Ka1 Bxa2 23. Bg4+ Be6 {Normal} 0-1

[Event "Rated Blitz game"]
[Site "?"]
[Date "2021.10.03"]
[Round "?"]
[White "flo50"]
[Black "KinzyabulatovRenat"]
[Result "0-1"]
[WhiteElo "2547"]
[BlackElo "2414"]
[PlyCount "32"]
[EventDate "2021.??.??"]
[EventType "blitz"]

1. e4 e5 2. Nf3 d5 3. exd5 e4 4. Qe2 Nf6 5. Nc3 Be7 6. Nxe4 Nxd5 7. d4 O-O 8.
Be3 Re8 9. c3 Bg4 10. Qd3 f5 11. Ned2 f4 12. c4 fxe3 13. fxe3 Bxf3 14. Nxf3
Nxe3 15. Ne5 Bb4+ 16. Ke2 Ng4 {Normal} 0-1

[Event "Rated Blitz game"]
[Site "?"]
[Date "2021.10.03"]
[Round "?"]
[White "brunosten"]
[Black "KinzyabulatovRenat"]
[Result "1/2-1/2"]
[WhiteElo "2457"]
[BlackElo "2426"]
[PlyCount "143"]
[EventDate "2021.??.??"]
[EventType "blitz"]

1. e4 e5 2. Nf3 d5 3. exd5 e4 4. Nd4 Qxd5 5. Nb3 Qe5 6. Nc3 Nf6 7. Be2 Nc6 8.
O-O Bd6 9. g3 Bf5 10. d4 exd3 11. Bxd3 O-O-O 12. Bf4 Qe6 13. Re1 Qd7 14. Bxd6
Bxd3 15. Qxd3 Qxd6 16. Qxd6 Rxd6 17. Rad1 Rxd1 18. Rxd1 Ne5 19. Nd2 Rd8 20. Kg2
Nd5 21. Nde4 Nxc3 22. Rxd8+ Kxd8 23. Nxc3 Ke7 24. f4 Nc4 25. Nd1 Kd6 26. b3 Na3
27. c4 Kc5 28. Kf3 Kd4 29. Ne3 g6 30. Nd5 c6 31. Nf6 h5 32. Nd7 a5 33. Ne5 f6
34. Nxg6 Nxc4 35. bxc4 Kxc4 36. g4 hxg4+ 37. Kxg4 b5 38. h4 b4 39. h5 a4 40. h6
b3 41. axb3+ axb3 42. h7 b2 43. h8=Q b1=Q 44. Qxf6 Qg1+ 45. Kf5 c5 46. Ne5+ Kb3
47. Qe6+ Kb2 48. Qc4 Qb1+ 49. Nd3+ Ka3 50. Ke5 Qb8+ 51. Kd5 Qb3 52. f5 Qb7+ 53.
Kxc5 Qc7+ 54. Kd4 Qd6+ 55. Ke4 Qe7+ 56. Ne5 Qh4+ 57. Kd5 Qh1+ 58. Ke6 Qh6+ 59.
Ng6 Qe3+ 60. Kf6 Qb6+ 61. Qe6 Qb2+ 62. Kf7 Qb7+ 63. Qe7+ Qxe7+ 64. Nxe7 Kb4 65.
Ke6 Kc5 66. f6 Kb6 67. f7 Kc7 68. f8=Q Kb6 69. Qc8 Ka7 70. Ng6 Kb6 71. Kd5 Ka7
72. Kc5 {Normal} 1/2-1/2

[Event "Rated Blitz game"]
[Site "?"]
[Date "2021.10.03"]
[Round "?"]
[White "stochastichess"]
[Black "Annali-annaliew1979"]
[Result "1-0"]
[WhiteElo "2346"]
[BlackElo "2410"]
[PlyCount "63"]
[EventDate "2021.??.??"]
[EventType "blitz"]

1. e4 e5 2. Nf3 d5 3. exd5 e4 4. Qe2 f5 5. d3 Nf6 6. dxe4 fxe4 7. Nc3 Be7 8.
Ng5 O-O 9. Ngxe4 Nxe4 10. Qxe4 Bf5 11. Qc4 Bd6 12. Be3 Bxc2 13. Be2 Bg6 14. O-O
Nd7 15. Qg4 Ne5 16. Qg5 a6 17. Rac1 Qe8 18. h4 h6 19. Qg3 Nd3 20. Qg4 Nxc1 21.
Rxc1 Bf5 22. Qc4 b5 23. Qb3 Qg6 24. h5 Qf6 25. Rd1 Rae8 26. Bf3 Rxe3 27. fxe3
Qg5 28. Ne2 Bg4 29. Bxg4 Qxg4 30. Qd3 Qxh5 31. Nf4 Rf6 32. Nxh5 {Normal} 1-0

[Event "Rated Blitz game"]
[Site "?"]
[Date "2021.10.03"]
[Round "?"]
[White "Toljab17"]
[Black "Benny_Watts_2005"]
[Result "0-1"]
[WhiteElo "2496"]
[BlackElo "2397"]
[PlyCount "108"]
[EventDate "2021.??.??"]
[EventType "blitz"]

1. e4 e5 2. Nf3 d5 3. exd5 e4 4. Qe2 Nf6 5. d3 Qxd5 6. Nc3 Bb4 7. Bd2 Bxc3 8.
Bxc3 O-O 9. Bxf6 exf3 10. Qe5 Qxe5+ 11. Bxe5 fxg2 12. Bxg2 Re8 13. f4 f6 14.
Bd5+ Kh8 15. d4 fxe5 16. fxe5 c6 17. Bf7 Re7 18. Bb3 Be6 19. c4 Nd7 20. O-O-O
Rf8 21. d5 Bg4 22. e6 Bxd1 23. Rxd1 Nc5 24. Bc2 Nxe6 25. dxe6 Rxe6 26. b3 Re7
27. Rd4 g6 28. Rd2 Kg7 29. c5 Rf1+ 30. Kb2 Rfe1 31. Bd3 b6 32. cxb6 axb6 33. a4
c5 34. Kc3 Rc1+ 35. Kb2 Rce1 36. Bc4 R1e3 37. Rd6 Rb7 38. Bd5 Rb8 39. Rd7+ Kh6
40. Bc6 Re2+ 41. Ka3 Rxh2 42. Bb5 Rh4 43. Bc4 Rd4 44. Re7 Rd6 45. Be2 g5 46.
Bf3 Rf6 47. Be4 Rh8 48. Re5 g4 49. a5 bxa5 50. Rxc5 Rf4 51. Bc6 g3 52. Rxa5 Rg4
53. Ra6 Kg5 54. Ra5+ Kh4 {Time forfeit} 0-1

[Event "Rated Rapid game"]
[Site "?"]
[Date "2021.10.03"]
[Round "?"]
[White "WhatIsATitle"]
[Black "ZANE01"]
[Result "1-0"]
[WhiteElo "2447"]
[BlackElo "2367"]
[PlyCount "59"]
[EventDate "2021.??.??"]
[EventType "rapid"]

1. e4 e5 2. Nf3 d5 3. Nxe5 Bd6 4. d4 dxe4 5. Nc4 Nf6 6. Nxd6+ Qxd6 7. c3 O-O 8.
g3 Bg4 9. Be2 Bxe2 10. Qxe2 Nc6 11. Bf4 Qd7 12. Nd2 Rfe8 13. O-O Qh3 14. Rae1
Ng4 15. f3 Nh6 16. Bxh6 Qxh6 17. fxe4 Rad8 18. Qf2 Kh8 19. Nb3 Re7 20. e5 Nb8
21. Nc5 b6 22. Ne4 Nd7 23. h4 Rde8 24. Ng5 Rf8 25. e6 f6 26. exd7 Rxd7 27. Qf5
Rd6 28. Nf7+ Rxf7 29. Re8+ Rf8 30. Rxf8# {Normal} 1-0